Špecifiká prepravy nebezpečného tovaru bakalárska práca

Guardado en:
Detalles Bibliográficos
Autor principal: Konečný, Viktor
Autor Corporativo: Obchodná fakulta EU. Katedra medzinárodného obchodu
Otros Autores: Furdová, Lucia, 1984-
Formato: Libro
Lenguaje:eslovaco
Publicado: Bratislava 2015
Etiquetas: Agregar Etiqueta
Sin Etiquetas, Sea el primero en etiquetar este registro!

MARC

LEADER 00000nbm a2200000 4500
001 0203241
005 20161212105521.1
041 0 |a slo 
044 |a SK 
245 1 0 |a Špecifiká prepravy nebezpečného tovaru  |b bakalárska práca  |c Viktor Konečný ; školiteľ: Lucia Furdová 
264 1 |a Bratislava  |c 2015 
300 |a 54 s. 
100 1 |a Konečný, Viktor 
700 1 |a Furdová, Lucia, 1984- 
710 2 |a Obchodná fakulta EU. Katedra medzinárodného obchodu